| 000 | 00589nam a22001697a 4500 | ||
|---|---|---|---|
| 008 | 151014b xxu||||| |||| 00| 0 eng d | ||
| 020 | _a9780757307348 | ||
| 050 | _aBF 637 .C45A35 2005 | ||
| 100 |
_aCanfield, Jack. _d2005. |
||
| 245 |
_aChicken soup for American idol soul. _cJack Canfield; Mark Victor Hansen; Debra Halpren Poneman. |
||
| 260 |
_aUSA; _bHealth communications, _c2005. |
||
| 300 | _axx, 313 p.; 22 cm | ||
| 650 | _aAmerican idol. | ||
| 700 | _aHansen, Mark Victor. | ||
| 700 | _aPoneman, Debra Halperin. | ||
| 942 |
_2lcc _cBOOKS _hBF 637 .C45A35 2005 |
||
| 999 |
_c8760 _d8760 |
||